Beepbox mods - Statistics

General Stats
  • This quiz has been taken 87 times
  • The average score is 4 of 18
Answer Stats
Mod/URL % Correct
Jummbox
84%
Beepbox
80%
Modbox
66%
Pandora's Box
61%
Cardboardbox
28%
Goldbox
25%
Sandbox
22%
beepbox.co
17%
Synthbox
17%
jummbus.bitbucket.io
14%
Pandora's Beepbox
9%
moddedbeepbox.github.io
5%
paandorasbox.github.io
5%
aurysystem.github.io
3%
hidden-realm.github.io
3%
synthbox.co
3%
pandoras-box.thurm64.repl.co
0%
parad0xstuff.github.io
0%
No matching quizzes found
Score Distribution
Percent of People with Each Score
Percentile by Number Answered
Your Score History
You have not taken this quiz